| 000 | 01032cam a2200229 4500 | ||
|---|---|---|---|
| 001 | ABS65604 | ||
| 008 | 020702n2002 000 0 eng u | ||
| 035 | _a(Sirsi) u118635 | ||
| 100 | _aBoyle, S. | ||
| 245 | _aWhat can Europe teach us about renewables? | ||
| 260 | _c2002 | ||
| 490 |
_aBuilding Services Journal _v May 2002, 42-44(3) |
||
| 520 | _aExamines the boom in renewable energy around the world while noting that the UK has not participated very much in this process. The UK has only 500 MW of wind capacity compared with Spain which will have 8000 MW by 2004 and Germany with over 10 000 MW. Notes there is a new programme underway which should treble UK capacity although is obvioulsy from a low base and argues the DTI is not providing enough funding to properly help renewables enter the mainstream. | ||
| 590 | _aABS | ||
| 650 | _aRENEWABLE ENERGY | ||
| 650 | _aSPAIN | ||
| 650 | _aGERMANY | ||
| 650 | _aWIND POWER | ||
| 650 | _aDTI | ||
| 690 | _aENVIRONMENTAL AND LAND CONSULTANCY-ENERGY | ||
| 942 | _n0 | ||
| 999 |
_c70649 _d70649 |
||